000 007620000a22002290004500
003 LK-CoMWRAF
005 20231222103248.0
008 230817t1980 ||||| |||| 00| 0 eng d
040 _aLK-CoMWRAF
_dLK-CoMWRAF
_eLK-CoMWRAF
041 _aeng
082 _a348.5493
_bSRI
110 _aSri Lanka, Democratic Socialist Republic
245 _aLegislative enactments of the democratic socialist republic of Sri Lanka in force on the 31st day of December 1980
250 _aRevised ed.
260 _a[Colombo];
_b[Dept. of Govt. Print.]
_c1980
300 _a298 p.
_bIndex included
490 _aVol.
_vIV chapter 68-98
650 _aLAW-Sri Lanka
653 _a Civil law and procedure
700 _aDeheragoda, E. R. K. D. M. Hector
_ecomp.
942 _cBK
999 _c2761
_d2761